<?xml version="1.0" encoding="UTF-8"?>
<collection xmlns="http://www.loc.gov/MARC21/slim">
 <record>
  <leader>01502nam a2200193Ia 4500</leader>
  <controlfield tag="001">TDMU_21965</controlfield>
  <controlfield tag="008">210410s9999    xx            000 0 und d</controlfield>
  <datafield tag="082" ind1=" " ind2=" ">
   <subfield code="a">657.7</subfield>
  </datafield>
  <datafield tag="090" ind1=" " ind2=" ">
   <subfield code="b">NG527</subfield>
  </datafield>
  <datafield tag="100" ind1=" " ind2=" ">
   <subfield code="a">Nguyễn, Thị Lành</subfield>
  </datafield>
  <datafield tag="245" ind1=" " ind2="0">
   <subfield code="a">Kế toán doanh thu, chi phí và xác định kết quả kinh doanh tại công ty TNHH CN nhựa Hòa Gia</subfield>
  </datafield>
  <datafield tag="245" ind1=" " ind2="0">
   <subfield code="c">Nguyễn Thị Lành; ThS. Bùi Thị Trúc Quy (Hướng dẫn)</subfield>
  </datafield>
  <datafield tag="260" ind1=" " ind2=" ">
   <subfield code="a">Bình Dương, 2014</subfield>
  </datafield>
  <datafield tag="300" ind1=" " ind2=" ">
   <subfield code="a">79tr</subfield>
  </datafield>
  <datafield tag="520" ind1=" " ind2=" ">
   <subfield code="a">Chuyên ngành: Kế toán; TM tài liệu tham khảo sau phần kết luận; Khóa luận tốt nghiệp Đại học trường Đại học Thủ Dầu Một, 2012- 2014; Khóa luận hệ thống hóa những vấn đề lý luận về kế toán doanh thu, chi phí và xác định kết quả kinh doanh; Đánh giá công tác kế toán doanh thu, chi phí và xác định kết quả kinh doanh tại công ty TNHH CN Hòa Gia. Trên cơ sở đó đưa ra một số kiến nghị để đóng góp cho công tác kế toán của công ty.</subfield>
  </datafield>
  <datafield tag="650" ind1=" " ind2=" ">
   <subfield code="a">Khóa luận; Kế toán</subfield>
   <subfield code="x">Kết quả kinh doanh</subfield>
   <subfield code="x">Công ty TNHH CN Hòa Gia; Công ty TNHH CN Hòa Gia</subfield>
   <subfield code="x">Kết quả kinh doanh</subfield>
  </datafield>
  <datafield tag="700" ind1=" " ind2=" ">
   <subfield code="a">Bùi Thị Trúc Quy</subfield>
  </datafield>
  <datafield tag="856" ind1=" " ind2=" ">
   <subfield code="u">http://lrc.tdmu.edu.vn/opac/search/detail.asp?aID=2&amp;ID=21965</subfield>
  </datafield>
  <datafield tag="980" ind1=" " ind2=" ">
   <subfield code="a">Trung tâm Học liệu Trường Đại học Thủ Dầu Một</subfield>
  </datafield>
 </record>
</collection>
